[Event "V. Korchnoy Memorial 2018"]
[Site "St. Petersburg"]
[Date "2018.08.23"]
[Round "9"]
[White "Kamsky, Gata"]
[Black "Khanin, Semen"]
[Result "1/2-1/2"]
[WhiteElo "2675"]
[BlackElo "2494"]
[Annotator "TA"]
[PlyCount "156"]
[EventDate "2018.08.15"]
[EventType "swiss"]
[EventCountry "RUS"]
[SourceTitle "playchess.com"]
[Source "ChessBase"]
[SourceQuality "1"]

{[%evp 19,156,12,9,10,18,31,25,25,37,45,55,35,47,37,43,55,46,54,44,50,51,46,83,91,93,66,68,66,60,57,63,59,52,46,64,71,92,91,96,91,185,178,184,177,176,172,147,114,114,116,117,102,104,86,148,74,65,73,59,47,70,73,103,73,134,140,130,113,127,25,159,147,145,149,134,106,116,28,145,27,28,24,39,4,11,0,0,0,0,0,0,0,0,0,0,0,0,0,0,0,81,77,95,79,94,72,70,66,87,76,91,0,0,0,0,0,0,0,0,0,0,0,0,0,0,0,0,0,0,0,0,0,0,0,0,0,0,0,0]} 1. g3 Nf6 2. Bg2 e5 3. d3 g6 4. c4 Bg7 5. Nc3 O-O 6. e4 Nc6 7. Nge2 d6 8. O-O Nh5 9. Be3 Nd4 10. Qd2 c6 {LiveBook: 6 Games} 11. Rae1 {A26: English Opening vs King's Indian with ...Nc6 and d3} f5 12. Bg5 $146 ({Predecessor:} 12. f4 Be6 13. fxe5 dxe5 14. exf5 Nxf5 15. Ne4 Nxe3 16. Qxe3 Qb6 17. Qxb6 axb6 18. N2c3 Rad8 19. Rxf8+ Bxf8 20. Nf2 Bd6 21. Nce4 Bc7 22. Ng5 {½-½ (22) Priehoda,V (2414)-Haba,P (2463) Czechia 2012}) 12... Nxe2+ 13. Rxe2 {White has an edge.} Qc7 14. exf5 $1 Bxf5 15. h3 {Black must now prevent g4.} Be6 16. b3 Rae8 17. Rfe1 Qd7 18. Kh2 Rf7 19. Ne4 b6 20. Bh6 Rff8 21. Bxg7 Nxg7 22. d4 d5 23. cxd5 cxd5 24. Ng5 e4 25. f3 exf3 26. Nxf3 Qd6 27. Ng5 {[%cal Bf3g5,Bg5h3,Bh3f4][%mdl 32]} Bd7 28. Re5 Bc6 29. h4 h6 (29... Rf6 $16) 30. Nh3 $18 Kh7 31. Nf4 Rf5 {[%cal Re8e5]} 32. Rxe8 Bxe8 33. Bh3 Rf6 34. Re5 Bf7 35. Bg4 Qd8 36. Qe3 Rc6 ({Black should play} 36... h5 37. Bf3 Rc6) 37. Re7 (37. Be2 $142 $1) 37... Rc7 $16 38. Rxc7 Qxc7 39. Qd3 Qe7 40. h5 $36 {[%mdl 2048] White is on the roll.} Qg5 41. Kh3 Nf5 (41... a6 $142) 42. Bxf5 $1 ({Of course not} 42. Nxg6 $6 Bxg6 43. hxg6+ Kxg6 $11) 42... gxf5 43. Qe2 Kg8 {[#]} 44. Kg2 (44. Qe5 $1 $16) 44... Qg4 (44... Qd8 $1 $11 {keeps the balance.}) 45. Qe5 Bxh5 46. Qb8+ ({Don't play} 46. Nxd5 $6 Qf3+ 47. Kg1 Qd1+ 48. Kf2 Qd2+ 49. Kg1 Qd1+ 50. Kh2 Qd2+ 51. Kg1 Qd1+ $11) 46... Kg7 47. Qxa7+ Bf7 48. Qe7 (48. a4 $16) 48... Kg8 (48... Qd1 $11) 49. Qe5 (49. Qe1 $16) 49... Qd1 $11 50. Qe3 Qc2+ 51. Qe2 (51. Qf2 $5 {[%cal Rf2c2]} Qd1 52. Kh2 $11) 51... Qc3 52. Qe5 Qd2+ 53. Kf3 Qxa2 54. Qb8+ Kg7 55. Qe5+ Kg8 56. Qb8+ Kg7 57. Qxb6 Qc2 58. Qb4 Qe4+ 59. Kf2 h5 {[#]} (59... Qc2+ $11 60. Ne2 Bh5 61. Qe7+ Kg8) 60. Qd2 $1 $16 Qh1 61. Ng2 Qb1 62. Qe3 Qc2+ 63. Kg1 Qb1+ 64. Kh2 Qb2 65. Kh3 (65. Qe5+ $16 Kg8 66. Qb8+ (66. Qxf5 Qxd4 67. Nf4 Qf2+ 68. Kh3 Qg1 $11) 66... Kh7 67. b4) 65... Qb1 $11 {[%cal Rb1h1] The position is equal.} 66. Qe1 Qxb3 67. Qe5+ Kg8 68. Ne3 Qb1 {[%cal Rb1h1]} 69. Kh4 Qe4+ $1 70. Qf4 Kg7 71. Nxf5+ Kf6 {[%cal Re4h1]} 72. Ne3+ Qxf4+ 73. gxf4 {[%mdl 4096] Endgame KB-KN} Kg6 74. Kh3 Kf6 75. Kg3 Be6 76. Kh4 Bf7 77. f5 Be8 78. Nxd5+ Kxf5 {Precision: White = 66%, Black = 59%.} 1/2-1/2

[Event "V. Korchnoy Memorial 2018"]
[Site "St. Petersburg"]
[Date "2018.08.23"]
[Round "9"]
[White "Zvjaginsev, Vadim"]
[Black "Kozionov, Kirill"]
[Result "1-0"]
[WhiteElo "2643"]
[BlackElo "2461"]
[Annotator "TA"]
[PlyCount "81"]
[EventDate "2018.08.15"]
[EventType "swiss"]
[EventCountry "RUS"]
[SourceTitle "playchess.com"]
[Source "ChessBase"]
[SourceQuality "1"]

{[%evp 21,81,0,5,0,0,-10,0,-30,0,5,20,0,7,0,0,0,0,0,0,20,26,-76,-66,-72,-81,-113,-102,-101,-90,-128,-12,-11,0,0,0,0,0,-71,28,22,270,270,571,555,858,868,1125,1129,1074,1084,1055,1045,1016,1011,29987,29988,29989,29990,29997,29998,29998,29998]} 1. g3 d5 2. Bg2 g6 3. Nf3 Bg7 4. O-O e5 5. d3 Ne7 6. e4 O-O 7. exd5 Nxd5 8. Re1 Nc6 9. Nc3 Nde7 {A07: Réti Opening: New York and Capablanca Systems} 10. Rb1 a5 11. a3 Nf5 {LiveBook: 5 Games. The position is equal.} (11... a4 12. Re4 Nd5 13. Bd2 Bf5 14. Re1 Nb6 15. Qc1 Re8 16. Bh6 f6 17. Ne4 {½-½ (63) Nepomniachtchi,I (2729)-Caruana,F (2799) London 2017}) 12. Bg5 f6 13. Bd2 {[#]} a4 $146 ({Predecessor:} 13... Be6 14. b4 axb4 15. axb4 {½-½ (56) Zvjaginsev,V (2660)-Bacrot,E (2697) Skopje 2015}) 14. Ne4 Nd6 15. Nxd6 cxd6 16. c4 Be6 17. Bc3 d5 18. Nd2 Rf7 19. b4 dxc4 20. dxc4 Rd7 21. Bxc6 (21. Qc1 $11) 21... bxc6 $17 22. Qc2 Rd3 23. b5 cxb5 24. Rxb5 Rc8 25. Qb2 Bh6 (25... Bf5 $17 {Strongly threatening ...Bf8.} 26. Rb7 Bf8) 26. Ne4 $1 $11 Bxc4 27. Ba5 Qf8 28. Bb4 Qd8 $1 29. Rb7 {[#]} (29. Ba5 $1 $11 {keeps the balance.} Qf8 30. Bb4) 29... Rb3 (29... Rd4 $1 $17 {...Bf8 is the strong threat.} 30. Ra7 Bg7) 30. Qc2 Bg7 $2 (30... Kh8 $1 $11 {and Black stays safe.} 31. Qd1 (31. Be7 Qa5 $11) 31... Bd5) 31. Nd6 $18 Rc6 $2 (31... Bd5 32. Rxg7+ Kxg7 33. Qxc8 Qxc8 34. Nxc8 Rd3) 32. Nxc4 Qc8 33. Qe4 Rxc4 34. Qd5+ Kh8 35. Rd1 {[#] Intending Qd8+ and mate.} Rd4 36. Rxd4 exd4 37. Ra7 Bf8 38. Ra8 {White mates.} Rb1+ 39. Kg2 Qc1 40. Rxf8+ Kg7 41. Rf7+ {Precision: White = 64%, Black = 33%.} 1-0

[Event "V. Korchnoy Memorial 2018"]
[Site "St. Petersburg"]
[Date "2018.08.23"]
[Round "9"]
[White "Paravyan, David"]
[Black "Tsydypov, Zhamsaran"]
[Result "1/2-1/2"]
[WhiteElo "2630"]
[BlackElo "2520"]
[Annotator "TA"]
[PlyCount "83"]
[EventDate "2018.08.15"]
[EventType "swiss"]
[EventCountry "RUS"]
[SourceTitle "playchess.com"]
[Source "ChessBase"]
[SourceQuality "1"]

{[%evp 26,83,13,6,33,12,22,-23,-19,-22,-26,-24,-23,-19,-26,-42,-24,-79,-31,-48,0,0,0,-87,-112,-125,-125,-137,-129,-125,-137,-153,-124,-137,-25,-35,0,0,0,-12,-12,-4,-5,-21,-26,-33,0,-27,0,-43,0,-12,0,0,0,0,0,0,0,0]} 1. e4 c5 2. Nf3 d6 3. d4 cxd4 4. Nxd4 Nf6 5. Nc3 a6 6. f3 e5 7. Nb3 Be7 8. Be3 Be6 9. Qd2 O-O 10. O-O-O a5 11. a4 Na6 12. g4 Nb4 13. Qf2 {B90: Sicilian Najdorf: Unusual White 6th moves, 6 Be3 Ng4 and 6 Be3 e5} (13. g5 Nh5 14. Bb5 Rc8 15. Kb1 f5 16. gxf6 Nxf6 17. Rhg1 d5 18. Bh6 Rf7 19. Qg5 Ng4 20. Qh5 Nxh6 21. Qxh6 {1-0 (41) Yu,Y (2759)-Gao,R (2561) Tianjin 2018}) 13... Qc8 14. g5 {LiveBook: 3 Games} Nh5 15. Kb1 {White is slightly better.} f5 {Strongly threatening ...fxe4.} 16. gxf6 Nxf6 17. Rg1 {[#]} Ng4 $146 {[%mdl 512]} ({Predecessor:} 17... Rf7 18. Bg5 Qc7 19. Rg2 Rc8 20. Qa7 Nc6 {0-1 (32) Todorovic,G (2511)-Kovacevic,A (2550) Kopaonik 2005}) 18. Qe2 (18. fxg4 Rxf2) 18... Nxe3 19. Qxe3 Kh8 $36 {[%mdl 2048] Black is pushing.} 20. Rg2 Qe8 21. Nb5 (21. Nd2 $11) 21... Qf7 22. Nc7 Bg5 (22... Nxc2 $5 23. Rxc2 (23. Kxc2 $2 Rac8 $19) 23... Bxb3 24. Nxa8 Bxc2+ 25. Kxc2 Rxa8 $17) 23. Qxg5 Qxc7 24. Nc1 (24. Rxd6 $11 Rf6 25. c3 (25. Bc4 $2 Rg6 $19)) 24... Rxf3 $17 25. c3 Nc6 26. Be2 Rf6 {[#] ...Rg6 is the strong threat.} 27. Bg4 Bxg4 28. Rxg4 Rg6 29. Qh4 {Hoping for Rxg6.} Rxg4 (29... Rh6 $17 30. Qg3 Rf8) 30. Qxg4 $11 Qe7 31. Nb3 Rd8 32. Nd2 d5 33. exd5 Rxd5 34. Ne4 Rxd1+ 35. Qxd1 h6 36. Qg4 Qf8 37. h3 Qf1+ 38. Kc2 {The position is equal.} Qc4 39. Qc8+ Kh7 40. Qf5+ Kg8 {Threatens to win with ...Nd4+.} 41. Qc8+ Kh7 42. Qf5+ {Precision: White = 50%, Black = 42%.} 1/2-1/2

[Event "V. Korchnoy Memorial 2018"]
[Site "St. Petersburg"]
[Date "2018.08.23"]
[Round "9"]
[White "Mchedlishvili, Mikheil"]
[Black "Stupak, Kirill"]
[Result "0-1"]
[WhiteElo "2608"]
[BlackElo "2573"]
[Annotator "TA"]
[PlyCount "98"]
[EventDate "2018.08.15"]
[EventType "swiss"]
[EventCountry "RUS"]
[SourceTitle "playchess.com"]
[Source "ChessBase"]
[SourceQuality "1"]

{[%evp 17,98,33,31,31,33,31,33,34,33,20,27,0,0,-18,0,0,0,0,-2,-12,-12,-12,-16,-29,-24,-24,-18,-16,-17,-22,-16,-24,-25,-66,-79,-57,-63,-44,-41,-118,-111,-195,-194,-197,-188,-188,-194,-194,-187,-184,-170,-181,-109,-218,-143,-142,-142,-142,-141,-134,-131,-125,-108,-154,-145,-184,-183,-264,-264,-441,-243,-493,-420,-491,-493,-508,-508,-501,-494,-620,-620,-783,-774]} 1. d4 Nf6 2. c4 e6 3. Nf3 Bb4+ 4. Nbd2 O-O 5. a3 Be7 6. e4 d6 {E11: Bogo-Indian} (6... d5 7. e5 Nfd7 8. Bd3 c5 9. O-O Nc6 10. Re1 a5 11. Qc2 h6 12. Nb3 dxc4 13. Bxc4 cxd4 14. Qe4 a4 15. Bxh6 axb3 16. Bxg7 Kxg7 17. Qg4+ Kh8 18. Qh5+ Kg7 19. Qg4+ Kh8 20. Qh5+ Kg7 21. Qg4+ {½-½ (21) Vitiugov,N (2740)-Tomashevsky,E (2714) Sochi 2018}) 7. Bd3 Nfd7 8. O-O e5 9. d5 a5 {LiveBook: 6 Games} 10. Nb1 $146 ({Predecessor:} 10. Bc2 c6 11. Rb1 Na6 12. b4 cxd5 13. cxd5 axb4 14. axb4 {0-1 (55) Noe,C (2451)-Jumabayev,R (2620) Warsaw 2017}) 10... Nc5 11. Bc2 f5 12. exf5 Bxf5 13. Be3 Nbd7 14. Nbd2 a4 15. Qb1 Bxc2 16. Qxc2 Qe8 17. Rae1 Qh5 18. Bxc5 Nxc5 19. Ne4 {Threatening Nxc5.} Qg6 {And now ...Rxf3 would win.} 20. Re2 {White wants to play Nxc5.} Nxe4 21. Qxe4 Qxe4 22. Rxe4 Ra5 23. Rc1 c6 24. dxc6 bxc6 25. c5 d5 $36 {[%mdl 2048] Black is in control.} 26. Rxe5 Bf6 27. Re2 Rb5 28. Rcc2 ({White should try} 28. Ne5 $15) 28... Rfb8 $17 {[%cal Rb5b2]} 29. Re6 (29. Ne5 $17) 29... Rxb2 $19 ({Much less strong is} 29... Bxb2 30. Rxc6 Bxa3 31. g3 $15) 30. Rxb2 Bxb2 ({Stronger than} 30... Rxb2 31. Kf1 $11) 31. Rxc6 Bxa3 {[%mdl 4096] Endgame ( -> ...Rb1+). KRB-KRN} 32. g3 {[#]} Ra8 $1 {aiming for ...Bb4.} 33. Ne1 Bb2 34. Nc2 d4 ({Better is} 34... a3 $19 {White must now prevent ...a2.} 35. Rb6 Kf7) 35. Rd6 (35. Nb4 $17 {was necessary.}) 35... Rc8 36. c6 {[#]} d3 $1 {[%mdl 512]} 37. Rxd3 Rxc6 38. Nb4 Rc4 39. Na2 Bd4 40. Kg2 Kf7 41. Rf3+ Ke6 42. Rf4 (42. Rd3 $142) 42... Kd5 43. h4 $2 (43. Kf1 {only move.}) 43... Bc5 (43... a3 $142 {Threatens to win with ...Bc5.} 44. Rf5+ Kc6) 44. Rf3 $2 (44. Nc3+ Rxc3 45. Rxa4) 44... a3 45. Rd3+ Rd4 {Black is clearly winning.} 46. Rf3 Kc4 47. Rc3+ Kb5 48. Rb3+ Ka4 49. Rb7 {Hoping for Nc3+.} Rc4 {Precision: White = 43%, Black = 69%.} 0-1

[Event "V. Korchnoy Memorial 2018"]
[Site "St. Petersburg"]
[Date "2018.08.23"]
[Round "9"]
[White "Aleksandrov, Aleksej"]
[Black "Burmakin, Vladimir"]
[Result "1-0"]
[WhiteElo "2585"]
[BlackElo "2494"]
[Annotator "TA"]
[PlyCount "79"]
[EventDate "2018.08.15"]
[EventType "swiss"]
[EventCountry "RUS"]
[SourceTitle "playchess.com"]
[Source "ChessBase"]
[SourceQuality "1"]

{[%evp 20,79,30,23,22,23,27,17,35,31,14,13,56,54,66,48,72,67,94,92,86,92,87,84,74,83,85,56,103,109,168,167,170,99,106,98,103,98,99,99,100,99,102,105,108,100,97,87,87,87,87,87,83,74,85,0,113,113,113,113,5110,-4132]} 1. e4 c6 2. d4 d5 3. exd5 cxd5 4. c3 Nf6 5. Bf4 Nc6 6. Nf3 g6 7. h3 Bg7 8. Be2 O-O 9. O-O b6 {D02: Damenbauernspiele} 10. Nbd2 Bb7 11. Bd3 {LiveBook: 3 Partien} Re8 {Weiß hat minimalen Vorteil.} 12. Re1 Nd7 13. a4 $146 ({Vorgänger:} 13. Bg3 a6 14. Nb3 e6 15. Bf1 b5 16. a3 Qb6 17. Qd3 {1-0 (41) Agrest,E (2592)-Von Bahr,O (2362) Sweden 2016}) 13... e5 14. dxe5 Ndxe5 15. Bb5 {Schwarz muss nun Lxe5 beachten.} Re6 16. Nd4 Nxd4 17. cxd4 {[%cal Rf4e5]} a6 18. Bxa6 Bxa6 19. dxe5 d4 20. Nf3 d3 21. b4 Qd5 22. Qd2 Bc4 23. Qc3 f6 24. Rac1 Rc6 {[#]} (24... Rc8 $16) 25. exf6 $1 $18 Bxf6 26. Be5 (26. Ne5 $18 Rcc8 27. Qd2) 26... Bb5 $16 {[#]} 27. Qd2 $1 Rxc1 28. Qxc1 d2 29. Nxd2 Bxe5 30. axb5 Qxb5 31. Nf3 Bf6 32. Qf4 Rf8 {Mit der Idee ...Lc3.} 33. Re6 Bc3 34. Qe3 Qxb4 35. Rxb6 Qc4 36. Rb7 {Und Dh6 würde nun gewinnen.} Bg7 37. Ng5 $40 {[%mdl 128] Weiss hat einigen Angriff.} (37. Qd2 $16) 37... Bh6 (37... Bd4 $11 {bleibt in der Remisbreite.} 38. Qe6+ Qxe6 39. Nxe6 Bxf2+ 40. Kf1 Rf6 41. Rb8+ Kf7 42. Ng5+ Kg7 43. Rb7+ Kh6) 38. h4 {[%cal Bh3h4,Bh4g5][%mdl 32] Droht De7 und aus.} Bxg5 39. hxg5 Qd5 $2 {[%mdl 8192]} (39... Rd8 $16 40. f4 Rf8) 40. Rb5 $4 {[%mdl 40960] Precision: Weiß = 66%, Schwarz = 62%. . Loss on Time!?} (40. Qe7 $18 Rf7 41. Qxf7+ Qxf7 42. Rxf7 Kxf7 43. f4) 1-0

[Event "V. Korchnoy Memorial 2018"]
[Site "St. Petersburg"]
[Date "2018.08.23"]
[Round "9"]
[White "Fedorov, Alexei"]
[Black "Chigaev, Maksim"]
[Result "0-1"]
[WhiteElo "2561"]
[BlackElo "2577"]
[Annotator "TA"]
[PlyCount "112"]
[EventDate "2018.08.15"]
[EventType "swiss"]
[EventCountry "RUS"]
[SourceTitle "playchess.com"]
[Source "ChessBase"]
[SourceQuality "1"]

{[%evp 23,112,0,25,29,59,50,49,0,59,0,10,0,60,0,6,0,16,0,39,34,36,36,36,39,35,40,31,35,36,36,75,68,87,87,102,63,63,63,63,63,64,49,39,54,56,0,59,0,0,0,0,0,0,0,0,2,2,0,0,-16,-22,-16,-13,-13,-15,-7,-7,-212,-229,-221,-204,-216,-209,-176,-167,-250,-227,-247,-180,-167,0,-147,-139,-854,-840,-667,-612,-1280,-1233,-962,-863]} 1. e4 e5 2. Nf3 Nc6 3. Bb5 a6 4. Ba4 Nf6 5. O-O Be7 6. Re1 b5 7. Bb3 d6 8. c3 {[%cal Bc2c3,Bc3c4][%mdl 32]} O-O 9. h3 Re8 10. d4 Bb7 11. a4 h6 12. d5 Nb8 {[%cal Bc6b8,Bb8d7,Bd7c5][%mdl 32] LiveBook: 5 Games. C92: Closed Ruy Lopez: 9...Be6, Karpov and Flohr-Zaitsev Variations} 13. c4 (13. axb5 axb5 14. Rxa8 Bxa8 15. Na3 {½-½ (15) Ilincic,Z (2471)-Sax,G (2525) Kecskemet 2011}) 13... b4 $146 ({Predecessor:} 13... bxc4 14. Bxc4 a5 15. Nc3 Bf8 16. Be3 Na6 17. Bb5 Nd7 18. Nd2 Kh7 19. Nc4 Nb4 20. Qb3 {1-0 (58) Vulicevic,N (2320)-Shapiro,D (2320) New York 1993}) 14. Nbd2 Nbd7 {White is slightly better.} 15. Nf1 Bf8 ({Black should try} 15... a5 $11) 16. Ng3 (16. a5 $14) 16... Nc5 17. Bc2 g6 (17... a5 $11) 18. Be3 (18. a5 $1 $14) 18... a5 $11 19. b3 Bc8 20. Qd2 Kh7 21. Re2 $36 {[%mdl 2048] White has the initiative.} Bg7 22. Rf1 Nfd7 23. Nh2 Qh4 24. Qe1 Kg8 25. Ng4 Nf6 26. f3 Bxg4 27. hxg4 Nfd7 28. Kf2 {Hoping for g5!} Qe7 29. Rh1 Bf6 30. Rxh6 {aiming for Qh1.} Bg5 31. Bxg5 Qxg5 32. Qd2 Qxd2 33. Rxd2 Kg7 34. Rh3 (34. Rh1 $14) 34... Rh8 (34... Nxb3 $11 35. Bxb3 Nc5) 35. Rd1 (35. Rxh8 $14 Rxh8 36. Rd1) 35... Rxh3 36. gxh3 Rh8 37. Rh1 g5 $1 38. h4 gxh4 39. Nf5+ Kf6 $1 40. Nxh4 Rh6 $1 41. f4 exf4 {[#] White must now prevent ...Ne5.} 42. g5+ $1 {[%mdl 512]} Kxg5 43. Nf3+ Kg6 44. e5+ Kg7 45. Rxh6 $2 (45. Nh4 $1 $11 Kf8 46. exd6 cxd6 47. Kf3) 45... Kxh6 $19 46. exd6 cxd6 $11 {[%mdl 4096] Endgame KBN-KNN} 47. Nd4 Kg5 48. Nc6 Nb7 49. Nd4 (49. Bd1 {was worth a try.}) 49... Ne5 $1 $19 50. Kg2 Kg4 51. Bf5+ Kg5 52. Bc2 $1 Kf6 53. Nf5 $2 {[%mdl 8192] [#]} (53. Bd1 $17) 53... Ng4 $1 {Black is clearly winning.} 54. Kf3 {[#]} Ne3 $1 {[%mdl 512]} 55. Nd4 (55. Nxe3 fxe3) 55... Nxc2 56. Nxc2 Ke5 {Precision: White = 46%, Black = 61%.} 0-1

[Event "V. Korchnoy Memorial 2018"]
[Site "St. Petersburg"]
[Date "2018.08.23"]
[Round "9"]
[White "Zakhartsov, Viacheslav V"]
[Black "Nikitenko, Mihail"]
[Result "1/2-1/2"]
[WhiteElo "2544"]
[BlackElo "2374"]
[Annotator "TA"]
[PlyCount "65"]
[EventDate "2018.08.15"]
[EventType "swiss"]
[EventCountry "RUS"]
[SourceTitle "playchess.com"]
[Source "ChessBase"]
[SourceQuality "1"]

{[%evp 20,65,73,34,41,42,47,25,29,26,29,26,31,30,34,16,34,31,31,25,44,43,36,29,32,30,43,31,45,19,33,0,10,10,10,10,18,16,19,19,48,54,55,0,32,0,58,0]} 1. d4 d5 2. c4 c6 3. Nf3 Nf6 4. Nc3 dxc4 5. a4 Bf5 6. Ne5 Na6 7. e3 Nb4 8. Bxc4 e6 9. O-O Be7 10. Qe2 {D17: Damengambit (Slawische Verteidigung)} Bc2 11. b3 {LiveBook: 3 Partien} (11. Na2 Nxa2 12. Rxa2 Be4 13. Rd1 O-O 14. b3 Qc7 15. f3 Bd5 16. e4 Bxc4 17. Nxc4 {½-½ (61) Kovalenko,I (2639)-Demidov,M (2523) Katowice 2017}) 11... Nd7 12. Nxd7 Qxd7 13. Na2 Bg6 {[#] zielt auf ...Sc2 ab.} 14. Nxb4 Bxb4 15. Bd2 $146 ({Vorgänger:} 15. Bb2 O-O 16. e4 Rad8 17. Rad1 Qe7 {½-½ (48) Alet,J (2206)-Levasseur,P (2163) France 2005}) 15... Bxd2 16. Qxd2 O-O 17. Qc3 Rfe8 18. Rfd1 Qe7 19. Be2 Be4 20. f3 Bg6 21. e4 h6 22. b4 Rac8 {[%cal Ba8c8,Bc8c7,Bc7d7][%mdl 32]} 23. Rac1 Rc7 24. Bf1 Rd8 25. g3 Rcd7 26. Be2 Qf6 {[%cal Rd7d4]} 27. e5 Qg5 28. f4 Qf5 29. Rd2 Bh5 30. Bd3 Qg4 31. Be2 Qf5 {Weiss sollte ...Lxe2 verhindern.} 32. Bd3 Qg4 $1 33. Be2 {Precision: Weiß = 39%, Schwarz = 53%.} ({Günstiger ist} 33. Be4 $14) 1/2-1/2

[Event "V. Korchnoy Memorial 2018"]
[Site "St. Petersburg"]
[Date "2018.08.23"]
[Round "9"]
[White "Hamitevici, Vladimir"]
[Black "Ponkratov, Pavel"]
[Result "0-1"]
[WhiteElo "2502"]
[BlackElo "2605"]
[Annotator "TA"]
[PlyCount "68"]
[EventDate "2018.08.15"]
[EventType "swiss"]
[EventCountry "RUS"]
[SourceTitle "playchess.com"]
[Source "ChessBase"]
[SourceQuality "1"]

{[%evp 20,67,-17,-53,-16,-25,-25,-20,-11,-104,-55,-62,-66,-79,-79,-93,-94,-81,-94,-66,-87,-266,-262,-285,-284,-271,-269,-383,-365,-371,-358,-349,-337,-469,-465,-597,-595,-681,-570,-1075,-559,-660,-663,-633,-636,-29997,-29998,-29998,-29999,-29999]} 1. d4 Nf6 2. c4 g6 3. Nc3 d5 4. cxd5 Nxd5 5. Na4 Bg7 6. e4 Nb6 7. Be3 O-O 8. Nf3 Bg4 9. Nc5 Nc6 {D85: Exchange Grünfeld: Unusual White 7th moves and lines with 7 Nf3} 10. d5 Ne5 11. Rc1 {LiveBook: 5 Games} c6 {[%cal Rc6d5] Black is slightly better.} 12. Nxb7 Qb8 13. dxc6 $146 ({Predecessor:} 13. Ba6 cxd5 14. exd5 Nxf3+ 15. gxf3 Bc8 16. Nc5 Qe5 17. Bc4 Nxc4 18. Rxc4 {0-1 (27) Groffen,H (2220)-Van Wely,L (2605) Vlissingen 1998}) 13... Nxc6 14. Nc5 (14. Bb5 $11 {remains equal.} Ne5 15. Ba6) 14... Rd8 15. Qb3 Bxf3 $1 16. gxf3 Nd4 $36 {[%mdl 2048] Black is on the roll.} 17. Qd1 Nd7 {[%mdl 1024] [#] And now ...Nxc5 would win. Black has strong compensation.} 18. Nb3 Ne6 {...Ne5 is the strong threat.} 19. Qc2 a5 20. a4 $2 {[#]} (20. Bc4 $17) 20... Qb4+ $1 $19 21. Bd2 Qxa4 22. Ra1 Rac8 23. Qd1 (23. Qxc8 $142 Qxa1+ 24. Nxa1 Rxc8 25. Bb5) 23... Qc6 24. Nxa5 Qb6 25. Nc4 Qb8 26. Ra3 Ne5 27. Nxe5 Bxe5 28. Qb3 Qc7 29. Ba6 Qc1+ 30. Bxc1 Rxc1+ 31. Ke2 Rxh1 32. Qb6 Nf4+ {Black mates.} 33. Ke3 Ng2+ 34. Ke2 Re1# {Precision: White = 23%, Black = 77%.} 0-1

[Event "V. Korchnoy Memorial 2018"]
[Site "St. Petersburg"]
[Date "2018.08.23"]
[Round "9"]
[White "Zakhartsov, Vladimir"]
[Black "Vavulin, Maksim"]
[Result "0-1"]
[WhiteElo "2490"]
[BlackElo "2545"]
[Annotator "TA"]
[PlyCount "100"]
[EventDate "2018.08.15"]
[EventType "swiss"]
[EventCountry "RUS"]
[SourceTitle "playchess.com"]
[Source "ChessBase"]
[SourceQuality "1"]

{[%evp 23,100,18,16,5,16,0,12,-21,-26,-48,-41,-130,-134,-141,-135,-291,-294,-270,-211,-209,-212,-190,-192,-209,-209,-244,-201,-244,-180,-224,-210,-202,-144,-144,-151,-169,-149,-168,-136,-133,-129,-179,-186,-186,-183,-187,-189,-179,-162,-156,-165,-153,-146,-231,-231,-242,-218,-259,-258,-361,-345,-458,-458,-464,-437,-574,-564,-879,-857,-960,-966,-1402,-1185,-2288,-2079,-2054,-2862,-12842,-1881]} 1. d4 Nf6 2. c4 e6 3. Nf3 b6 4. a3 Bb7 5. Nc3 d5 6. cxd5 Nxd5 7. Qc2 Nxc3 8. bxc3 c5 9. e4 Nd7 10. Bd3 Qc7 11. Qb1 Be7 12. O-O O-O {LiveBook: 15 Games} 13. a4 {E12: Queen's Indian: Unusual White 4th moves, 4 a3, 4 Nc3 Bb7 5 a3 and 4 Nc3 Bb7} (13. Be3 e5 14. Rc1 Kh8 15. Nd2 Rad8 16. a4 exd4 17. cxd4 Qb8 18. d5 f5 19. f3 fxe4 20. fxe4 Nf6 {0-1 (45) Esen,B (2571)-Korobov,A (2687) Jerusalem 2015 CBM 166 [Krasenkow,M]}) 13... h6 14. Be3 Rfd8 15. e5 {The position is equal.} Rac8 16. Nd2 $146 ({Predecessor:} 16. Rd1 Bd5 17. Ba6 Rb8 18. Re1 Bxf3 19. gxf3 Nf8 20. Qd3 Ng6 {½-½ (53) Van Bommel,T (1978)-Kriksciunas,B (2078) IECG email 2005}) 16... Nb8 {[%cal Bd7b8,Bb8c6,Bc6d4][%mdl 32]} 17. f4 (17. a5 $15) 17... cxd4 $17 18. cxd4 {[#]} Nc6 $1 19. f5 $2 (19. Nf3 $17 {was worth a try.}) 19... Nxd4 $19 20. f6 Qxe5 21. Nc4 {[#]} Rxc4 $1 22. fxe7 {[%cal Re7d8]} (22. Bxc4 Qxe3+) 22... Qxe3+ 23. Rf2 {[%cal Re7d8]} Rcc8 24. exd8=Q+ Rxd8 25. Bf1 Rc8 26. Qe1 Qxe1 27. Rxe1 Bd5 28. Rf4 Nb3 29. Be2 Rc3 30. Rb4 Nc5 31. Ra1 g6 32. Rbb1 Nb3 33. Ra2 Nc1 34. Rd2 Nxe2+ 35. Rxe2 {[%mdl 4096] Endgame KRR-KRB} Ra3 36. Rb4 Bc6 37. Rc2 Bxa4 38. Rc7 {[#]} (38. Rc8+ $17 Kg7 39. Rb1) 38... Bb3 $1 39. h4 Bd5 40. Rb2 h5 41. Rd7 {intending Rf2.} Bc4 42. Rb7 b5 {Black is clearly winning.} 43. Rd2 a5 {[%cal Ba7a5,Ba5a4][%mdl 32]} 44. Rdd7 Ra1+ 45. Kf2 a4 46. Ke3 e5 47. g4 hxg4 48. h5 gxh5 49. Rd8+ Kg7 50. Ke4 Rf1 {Precision: White = 27%, Black = 87%.} 0-1